Wozu Literatur(-wissenschaft)? : Methoden, Funktionen, Perspektiven /

Bibliographic Details
Other Authors: Haarmann, Andreas (Editor)
Format: Book
Language:German
Language Notes:13 German, 5 French contributions.
Published: Göttingen : V & R unipress GmbH, [2019]
Series:Gründungsmythen Europas in Literatur, Musik und Kunst ; Bd. 14.
Subjects:

MARC

Tag First Indicator Second Indicator Subfields
LEADER 00000cam a2200000Mi 4500
001 in00004172621
008 190202s2019 gw a 100 0 ger d
005 20250318212257.0
020 |a 384710943X  |q hardcover 
020 |a 9783847109433 
024 3 |a 9783847109433 
035 |a (OCoLC)1084596895 
035 |a (OCoLC)on1084596895 
040 |a OHX  |b eng  |e rda  |c OHX  |d YDXIT  |d UtOrBLW 
050 4 |a PN59  |b .W69 2019 
072 7 |a PN  |2 lcco 
082 0 4 |a 807  |2 23 
245 0 0 |a Wozu Literatur(-wissenschaft)? :  |b Methoden, Funktionen, Perspektiven /  |c Andreas Haarmann/Cora Rok (Hg.). 
264 1 |a Göttingen :  |b V & R unipress GmbH,  |c [2019] 
300 |a 304 pages :  |b illustrations ;  |c 24 cm. 
336 |a text  |b txt  |2 rdacontent 
337 |a unmediated  |b n  |2 rdamedia 
338 |a volume  |b nc  |2 rdacarrier 
490 1 |a Gründungsmythen Europas in Literatur, Musik und Kunst,  |x 2198-610X ;  |v Band 14 
504 |a Includes bibliographical references. 
546 |a 13 German, 5 French contributions. 
650 0 |a Literature  |x Study and teaching.  |0 http://id.loc.gov/authorities/subjects/sh85077529 
700 1 |a Haarmann, Andreas,  |e editor.  |0 http://id.loc.gov/authorities/names/no2019087533 
830 0 |a Gründungsmythen Europas in Literatur, Musik und Kunst ;  |v Bd. 14.  |0 http://id.loc.gov/authorities/names/no2009093641 
852 8 |b pda,print  |z This title is available for the library to purchase for your use. Click the "Purchase It For Me" button to place a request. This item may take 5-10 business days to arrive. 
955 |a Print PDA title 
999 f f |s a50db5ee-b265-41f2-84a9-2dc16f00842b  |i 19da2cdf-a7da-3229-8a8f-c1f2030496c5  |t 0 
952 f f |a Texas A&M University  |b College Station  |c Sterling C. Evans Library  |d Purchase on Demand  |t 0  |e PN59 .W69 2019  |h Library of Congress classification 
998 f f |a PN59 .W69 2019  |t 0  |l Purchase on Demand